Loading...
| Other Academic/Cross-Category - Any | 0 | 2 | 0 | 0 | 20 | 68 | 83.50 | 1 | 1 |
| Art - Other | 0 | 1 | 0 | 0 | 10 | 79 | 79.00 | 1 | 1 |
| Science - Biology | 0 | 1 | 0 | 0 | 10 | 125 | 125.00 | 0 | 0 |
| Geography - Asia | 0 | 1 | 0 | 1 | 10 | 130 | 130.00 | 0 | 0 |
| Geography - Non-U.S. Americas | 0 | 1 | 0 | 0 | 10 | 138 | 138.00 | 0 | 0 |
| Geography - Oceania/Pacific | 0 | 1 | 0 | 0 | 10 | 97 | 97.00 | 0 | 1 |
| History - American | 0 | 1 | 0 | 0 | 10 | 63 | 63.00 | 0 | 1 |
| History - Other | 0 | 1 | 0 | 0 | 10 | 124 | 124.00 | 0 | 0 |
| Science - Chemistry | 0 | 1 | 1 | 1 | 5 | 127 | 127.00 | 0 | 0 |
| Art - Music/Opera | 0 | 0 | 0 | 0 | 0 | 0.00 | 0 | 0 | |
| Art - Painting/Sculpture | 0 | 0 | 1 | 0 | -5 | 0.00 | 0 | 0 |